| Tag |
First Indicator |
Second Indicator |
Subfields |
| LEADER |
00000cam a2200000 a 4500 |
| 001 |
in00000089307 |
| 005 |
20151008063403.0 |
| 008 |
820127s1980 ilu b 00010 eng d |
| 020 |
|
|
|a 0917084357
|
| 035 |
|
|
|a (OCoLC)08101021
|
| 035 |
|
|
|9 AAK2133AM
|
| 040 |
|
|
|a ONU
|c ONU
|d TXA
|d UtOrBLW
|
| 049 |
|
|
|a TXAM
|c [387492]
|
| 090 |
|
|
|a TG315
|b .A5 1980
|
| 092 |
|
|
|a 624.28
|b A512g, 1980
|
| 110 |
2 |
|
|a American Public Works Association.
|b Institute for Transportation.
|b Committee on Bridges.
|
| 245 |
1 |
0 |
|a Guidelines for developing a bridge maintenance program /
|c developed by the Institute for Transportation's Committee on Bridges...
|
| 250 |
|
|
|a 2nd ed.
|
| 264 |
|
1 |
|a Chicago, IL :
|b APWA,
|c 1980.
|
| 300 |
|
|
|a iii, 42 pages ;
|c 22 cm.
|
| 336 |
|
|
|a text
|b txt
|2 rdacontent
|
| 337 |
|
|
|a unmediated
|b n
|2 rdamedia
|
| 338 |
|
|
|a volume
|b nc
|2 rdacarrier
|
| 504 |
|
|
|a Bibliography: pages 41-42.
|
| 650 |
|
0 |
|a Bridges
|x Maintenance and repair.
|
| 999 |
|
|
|a MARS
|
| 999 |
f |
f |
|s c4c2ab15-8f32-331c-8a15-aafca79019bc
|i 2816809d-1170-338a-8d68-88837121b320
|t 0
|
| 952 |
f |
f |
|p ric
|a Texas A&M University
|b Rellis Campus
|c Joint Library Facility
|d Remote Storage
|t 0
|e TG315 .A5 1980
|h Library of Congress classification
|i unmediated -- volume
|m A14806247047
|
| 998 |
f |
f |
|a TG315 .A5 1980
|t 0
|l Remote Storage
|